Visualizzazione normale
Vista MARC
- Tramacere G.
di Personal Name
Records bibliografici associati: 1
001 - CONTROL NUMBER
- control field: 49458
003 - CONTROL NUMBER IDENTIFIER
- control field: IT-RoPau
005 - DATE AND TIME OF LATEST TRANSACTION
- control field: 20151202090809.0
008 - FIXED-LENGTH DATA ELEMENTS
- fixed length control field: 151202|| aca||aabn | a|a d
040 ## - CATALOGING SOURCE
- Original cataloging agency: IT-RoPau
- Transcribing agency: IT-RoPau
100 ## - HEADING--PERSONAL NAME
- Personal name: Tramacere G.
- Relator term: (musica)
- Miscellaneous information: Codice Musica SPICS: 41847
670 ## - SOURCE DATA FOUND
- Source citation: Work cat.: (IT-RoPau)106923: Pesenti Antonello Codice regista SPICS: 41845 49453, ALLA SCOPERTA DEI SEGNI LITURGICI ALLA SCOPERTA DEI SEGNI LITURGICI (Rif. Codice opera principale : C6074)